| 000 | 00682nam a2200205Ia 4500 | ||
|---|---|---|---|
| 003 | Ost | ||
| 005 | 20260507075013.0 | ||
| 008 | 260507s9999||||xx |||||||||||||| ||und|| | ||
| 040 | _cfsecg | ||
| 041 | _aara | ||
| 082 | _a332.4 | ||
| 100 |
_aبن هاني، حسين _eمؤلف |
||
| 245 | 0 |
_aاقتصاديات النقود والبنوك : _bالأسس والمبادئ / _c حسين بن هاني |
|
| 260 |
_aالأردن: _bدار الكندي للنشر والتوزيع, _c2002 |
||
| 300 |
_a262 صفحة؛ _c24 سم |
||
| 520 | _aاقتصاديات النقود-اقتصاديات البنوك | ||
| 653 | _aالبنوك | ||
| 653 | _aالنقود | ||
| 942 | _cكتاب | ||
| 999 |
_c42184 _d42184 |
||